[Event "Asian Zonal 3.1 Women"]
[Site "Sharjah UAE"]
[Date "2011.07.11"]
[Round "8"]
[White "Iman,H"]
[Black "Hakimifard,G"]
[Result "1/2-1/2"]
[WhiteElo "2160"]
[BlackElo "2197"]

1.e4 c5 2.Nf3 e6 3.d4 cxd4 4.Nxd4 a6 5.Nc3 Qc7 6.g3 Bb4 7.Ne2 Nf6 8.Bg2 Be7
9.O-O Nc6 10.h3 O-O 11.f4 d6 12.g4 b5 13.Be3 Bb7 14.a3 Rfe8 15.g5 Nd7 16.h4 Nb6
17.b3 Rad8 18.Nd4 d5 19.Ndxb5 axb5 20.Nxb5 Qb8 21.Bxb6 Ba6 22.Bxd8 Bc5+ 23.Kh1 Bxb5
24.Ba5 Bxf1 25.Qxf1 Nxa5 26.b4 Nc4 27.bxc5 Ne3 28.Qf2 Nxg2 29.Kxg2 dxe4 30.Re1 Qa8
31.Qe3 Rc8 32.Rb1 Qa4 33.Qc3 Qc6 34.Kf2 g6 35.Ke2 e3 36.Qxe3 Qg2+ 37.Kd3 Qd5+
38.Qd4 Qf3+ 39.Kc4 Qxa3 40.Rb4 Qa6+ 41.Kb3 Qf1 42.c3 Qb1+ 43.Kc4 Qf1+ 44.Kb3 Qb1+
45.Kc4 Qf1+  1/2-1/2

[Event "SPA Open A"]
[Site "Amsterdam NED"]
[Date "2011.07.12"]
[Round "4"]
[White "De Roode,M"]
[Black "Osterwald,E"]
[Result "1-0"]
[WhiteElo "2098"]
[BlackElo "2200"]

1.e4 c5 2.Nf3 e6 3.d4 cxd4 4.Nxd4 a6 5.Nc3 Qc7 6.Bd3 Nf6 7.O-O Bc5 8.Nb3 Be7
9.Qe2 d6 10.f4 Nbd7 11.a4 b6 12.Bd2 Bb7 13.Nd4 O-O 14.Rae1 g6 15.Kh1 Rfe8
16.f5 Bf8 17.fxe6 fxe6 18.Bc4 d5 19.Ba2 Qe5 20.Nf3 Qh5 21.Ng5 Qxe2 22.Rxe2 h6
23.exd5 exd5 24.Ne6 Bg7 25.Rfe1 Nc5 26.Nxg7 Rxe2 27.Rxe2 Kxg7 28.Re7+ Kf8
29.Rc7 g5 30.b4 Nce4 31.Nxe4 Nxe4 32.Be3 Re8 33.Rxb7 Nd6 34.Rxb6 Rxe3 35.h3 Nf5  1-0

[Event "SPA Open A"]
[Site "Amsterdam NED"]
[Date "2011.07.12"]
[Round "4"]
[White "Haslinger,S"]
[Black "Horvath,Cs1"]
[Result "1/2-1/2"]
[WhiteElo "2548"]
[BlackElo "2517"]

1.e4 c5 2.Nf3 e6 3.d4 cxd4 4.Nxd4 a6 5.Nc3 b5 6.Bd3 Qb6 7.Nf3 Nc6 8.O-O Nge7
9.a4 b4 10.a5 Nxa5 11.Be3 Qc7 12.Na4 Rb8 13.Nc5 Ng6 14.Nxa6 Bxa6 15.Bxa6 Nc6
16.Nd4 Nxd4 17.Qxd4 Bd6 18.h3 O-O 19.Rfd1 Bh2+ 20.Kh1 Be5 21.Qc5  1/2-1/2

[Event "SPA Open A"]
[Site "Amsterdam NED"]
[Date "2011.07.12"]
[Round "4"]
[White "Tan,Jo NED"]
[Black "Schneider,Ve"]
[Result "1-0"]
[WhiteElo "2153"]
[BlackElo "2331"]

1.e4 c5 2.Nf3 e6 3.d4 cxd4 4.Nxd4 a6 5.Nc3 Qc7 6.Bd3 Nf6 7.O-O Bc5 8.Nb3 Be7
9.f4 d6 10.Qe2 Nbd7 11.a4 b6 12.Bd2 Bb7 13.Rae1 h5 14.h3 h4 15.Rf3 Nh5 16.Nd4 g5
17.Nd5 Qd8 18.Bc3 Rg8 19.fxg5 Ng3 20.Rxg3 exd5 21.g6 fxg6 22.Rxg6 Rxg6 23.Qh5 Nf8
24.exd5 Qd7 25.Bxg6+ Kd8 26.Bf5 Qxa4 27.Qf7 Qe8 28.Qxe8+ Kxe8 29.Nc6 Bxc6
30.dxc6 Kd8 31.c7+ Kxc7 32.Rxe7+ Kc6 33.Bg7  1-0

[Event "Open ch-SVK A"]
[Site "Banska Stiavnica SVK"]
[Date "2011.07.12"]
[Round "4"]
[White "Jacko,V2"]
[Black "Likavsky,T"]
[Result "0-1"]
[WhiteElo "2200"]
[BlackElo "2494"]

1.e4 c5 2.Ne2 e6 3.d4 cxd4 4.Nxd4 a6 5.Nc3 b5 6.Bd3 Qb6 7.Nb3 Qc7 8.Qe2 Bb7
9.O-O Nf6 10.Bd2 b4 11.Nd1 d5 12.e5 Ne4 13.Bf4 Nd7 14.c4 dxc4 15.Bxe4 cxb3
16.axb3 Nc5 17.Bxb7 Qxb7 18.Ne3 Nxb3 19.Rad1 Qe4 20.Qg4 h5 21.Qg5 Rc8 22.Rfe1 Qg6
23.Qxg6 fxg6 24.Rd3 Nc5 25.Rd4 Be7 26.Nc4 O-O 27.Nd6 Rb8 28.Be3 a5 29.f4 a4
30.Re2 a3 31.bxa3 bxa3 32.Ra2 Rb3 33.Nc4 Na4 34.Bd2 Bc5  0-1

[Event "St Pauli Open"]
[Site "Hamburg GER"]
[Date "2011.07.12"]
[Round "5.13"]
[White "Stelting,T"]
[Black "Wobbe,S"]
[Result "1/2-1/2"]
[WhiteElo "2252"]
[BlackElo "2180"]

1.e4 c5 2.Nf3 e6 3.d4 cxd4 4.Nxd4 a6 5.Nc3 Qc7 6.g3 Nf6 7.Bg2 d6 8.O-O Be7
9.a4 O-O 10.a5 Nc6 11.Nb3 Ne5 12.h3 Bd7 13.g4 Bc6 14.g5 Nfd7 15.f4 Nc4 16.Qe2 b5
17.axb6 Qxb6+ 18.Kh1 Bb5 19.Nxb5 axb5 20.Rxa8 Rxa8 21.c3 Bf8 22.h4 Rc8 23.f5 exf5
24.exf5 b4 25.Nd4 bxc3 26.bxc3 Nce5 27.Bd2 Qc5 28.Rb1 Rb8 29.Rxb8 Nxb8 30.Qb5 Qa7
31.Bd5 Nbd7 32.g6 hxg6 33.fxg6 Nxg6 34.Bxf7+ Kxf7 35.Qf5+ Kg8 36.Qxg6 Ne5
37.Qe6+ Qf7 38.Kg2 g6 39.Bf4 Nd3 40.Bg3 Qxe6 41.Nxe6 Be7 42.Kf3 Kf7 43.Nc7 Nc5
44.c4 Ne6 45.Nb5 Ng7 46.Nxd6+ Ke6 47.Ne4 Nf5 48.Ng5+ Kd7 49.Bf2 Kc6 50.Ne4 Nxh4+  1/2-1/2

[Event "3rd Artemis Cup"]
[Site "Leros GRE"]
[Date "2011.07.12"]
[Round "1.4"]
[White "Pavlidis,Pavlos"]
[Black "Gordon,S"]
[Result "0-1"]
[WhiteElo "1357"]
[BlackElo "2533"]

1.e4 c5 2.Nf3 e6 3.d4 cxd4 4.Nxd4 a6 5.Nc3 Qc7 6.Be3 Nf6 7.Be2 Bb4 8.O-O Bxc3
9.bxc3 Nxe4 10.c4 Nc3 11.Qd3 Nxe2+ 12.Qxe2 d6 13.Qg4 O-O 14.Bh6 f5 15.Qg5 Rf6
16.Qh5 gxh6 17.f4 Nc6 18.Nxc6 Qxc6 19.Rf3 Rg6 20.Qh4 Qxf3 21.Qd8+ Kf7 22.Qc7+ Ke8  0-1

[Event "111th ch-SUI"]
[Site "Leukerbad SUI"]
[Date "2011.07.12"]
[Round "6"]
[White "Klauser,M"]
[Black "Skouvaklis,A"]
[Result "1-0"]
[WhiteElo "2386"]
[BlackElo "2084"]

1.e4 c5 2.Nc3 a6 3.Nf3 e6 4.d4 cxd4 5.Nxd4 Bb4 6.Be2 Nf6 7.O-O Bxc3 8.bxc3 Nxe4
9.Bd3 Nf6 10.Ba3 d6 11.Nf3 Nc6 12.Re1 O-O 13.Bxd6 Re8 14.c4 g6 15.Bg3 Nh5
16.Bh4 Qa5 17.Qc1 Qc5 18.g4 Nd4 19.Nxd4 Qxd4 20.Re4 Qg7 21.gxh5 f5 22.h6 Qf8
23.Re5 Bd7 24.Qf4 Rac8 25.Rae1 Qf7 26.Bg5 Bc6 27.h4 Qd7 28.h5 gxh5 29.Kh2 Be4
30.Bxe4 fxe4 31.Bf6 Qc6  1-0

[Event "ch-Central Serbia Int Open A"]
[Site "Paracin SRB"]
[Date "2011.07.12"]
[Round "5.9"]
[White "Smith,Bry"]
[Black "Andrijevic,M"]
[Result "1-0"]
[WhiteElo "2503"]
[BlackElo "2365"]

1.e4 c5 2.Nf3 e6 3.d4 cxd4 4.Nxd4 a6 5.Nc3 Qc7 6.Bd3 Nc6 7.Be3 Nf6 8.O-O Ne5
9.h3 Bc5 10.f4 Nc6 11.Nf5 Bxe3+ 12.Nxe3 d6 13.Kh1 O-O 14.Qe1 b5 15.Qh4 h6
16.Rae1 b4 17.Nb1 Qe7 18.Qg3 Bb7 19.Nd2 Nd4 20.e5 dxe5 21.fxe5 Ne8 22.Rf4 Rd8
23.Ng4 Qg5 24.Nc4 f5 25.exf6 Nxf6 26.Nxf6+ Rxf6 27.Rg4 Qd5 28.Rxg7+ Kh8 29.Qc7  1-0

[Event "Lev Polugaevsky Mem"]
[Site "Samara RUS"]
[Date "2011.07.12"]
[Round "8"]
[White "Vanifatov,Y"]
[Black "Tunik,G"]
[Result "0-1"]
[WhiteElo "2165"]
[BlackElo "2440"]

1.e4 c5 2.Nf3 e6 3.d4 cxd4 4.Nxd4 a6 5.Nc3 Qc7 6.Be3 Nf6 7.f3 Bb4 8.Ne2 Nc6
9.Bf4 Bxc3+ 10.bxc3 e5 11.Bg5 d6 12.c4 Be6 13.Nc3 Na5 14.Nd5 Nxd5 15.cxd5 Bd7
16.Bd3 h6 17.Bh4 Nc4 18.Qe2 Qa5+ 19.Kf1 Rc8 20.Kg1 Na3 21.h3 Bb5 22.Kh2 Rxc2
23.Bxb5+ Qxb5 24.Qxb5+ axb5 25.Rhc1 Rc4 26.Be1 Kd7 27.Rxc4 bxc4 28.Rc1 Rc8
29.Kg3 Ra8 30.Bb4 Nb5 31.a3 Ra4 32.Kf2 h5 33.h4 g6 34.Rc2 Nxa3 35.Bxa3 Rxa3
36.Rxc4 Ra2+ 37.Kg3 f5 38.exf5 gxf5 39.Rb4 Kc7 40.Rc4+ Kb8 41.Kh3 f4 42.g4 fxg3
43.f4 g2 44.Kh2 Re2 45.Kg1 exf4 46.Rxf4 Re5 47.Rd4 b5 48.Kxg2 Kb7  0-1

[Event "Asian Zonal 3.1 Women"]
[Site "Sharjah UAE"]
[Date "2011.07.12"]
[Round "9"]
[White "Nouman,A"]
[Black "Ghader Pour,S"]
[Result "0-1"]
[WhiteElo "1725"]
[BlackElo "2246"]

1.e4 c5 2.Nf3 e6 3.d4 cxd4 4.Nxd4 a6 5.Nc3 Qc7 6.Bd3 Nf6 7.O-O d6 8.Be3 Nbd7
9.a4 b6 10.f3 Bb7 11.Qe1 Be7 12.Qg3 O-O 13.Rae1 Rac8 14.Qh3 Nc5 15.Re2 Qd7
16.Ra1 Rfe8 17.Ree1 g6 18.Qg3 Kh8 19.Qf2 e5 20.Nde2 d5 21.exd5 Bxd5 22.Kh1 Be6
23.Be4 Ncxe4 24.fxe4 Ng4 25.Qg3 Nxe3 26.Qxe3 Qc6 27.Rad1 Red8 28.Qf3 Kg7
29.Rf1 f5 30.Ng3 Rf8 31.h3 fxe4 32.Qxe4 Qxe4 33.Ngxe4 Rxf1+ 34.Rxf1 h5 35.Rd1 h4
36.Re1 Rd8 37.Nf2 Bf6 38.Nd3 Bf5 39.Ne4 Rd4 40.Nxf6 Kxf6 41.Nxe5 Bxc2 42.Ng4+ Kf7
43.Rf1+ Kg7 44.Rf6 Rxg4 45.Rc6 Rxa4 46.Rxc2 Ra2 47.Kg1 a5 48.Kf2 Ra4 49.Ke3 Rb4
50.Kd3 b5 51.Rf2 Rc4 52.Re2 Rc5 53.Re4 Rg5 54.Re2 Kf6 55.Rc2 Rg3+ 56.Ke4 Rb3
57.Kd4 g5 58.Ke4 Kg6 59.Rd2 a4 60.Rc2 b4 61.Ke5 a3 62.bxa3 bxa3 63.Ra2 Rb5+
64.Kd4 Ra5 65.Ke4 Kf6 66.Rf2+ Ke6 67.Ra2 Ra4+ 68.Kd3 Ke5 69.Ke3 Ra8 70.Kf3 Kd4
71.Kg4 Ra5 72.Kh5 Kc3 73.Kg4 Kb3 74.Ra1 a2  0-1

[Event "SPA Open A"]
[Site "Amsterdam NED"]
[Date "2011.07.13"]
[Round "5"]
[White "Goes,S"]
[Black "Schneider,Ve"]
[Result "1/2-1/2"]
[WhiteElo "2104"]
[BlackElo "2331"]

1.e4 c5 2.Nf3 e6 3.d4 cxd4 4.Nxd4 a6 5.Nc3 Qc7 6.Bd3 Nf6 7.O-O Bc5 8.Nb3 Be7
9.f4 d6 10.a4 b6 11.e5 Nfd7 12.exd6 Bxd6 13.Ne4 Bb7 14.Qg4 g6 15.Nxd6+ Qxd6
16.Be3 Nc6 17.Rad1 Qc7 18.c3 O-O 19.Nd4 Nc5 20.Bc2 f5 21.Qh3 Nxd4 22.Bxd4 b5
23.Qe3 Nd7 24.Rfe1 Bd5 25.h3 Qd6 26.b3 Qc6 27.a5 Rac8 28.Rd2 Nf6 29.Qe5 Qc7
30.Qe3 Qxa5 31.b4 Qc7 32.Bc5 Rf7 33.Ra1 Qc6 34.Bd4 Nd7 35.Bd3 Ra8 36.Ra5 Re8
37.Re2 Rfe7 38.Qg3 Bc4 39.Bxc4 Qxc4 40.Rea2 e5 41.fxe5 Nxe5 42.Rxa6 Nc6 43.Bc5 Re1+
44.Kh2 f4 45.Qf2 f3 46.Ra8 Qf4+ 47.g3 Qf7 48.Qxe1 Qxa2+ 49.Rxa2 Rxe1 50.Rf2 Ne5
51.Bd4 h5 52.Bxe5 Rxe5 53.Rxf3 Re2+ 54.Kg1 Ra2 55.h4 Kg7 56.Kf1 Kh6 57.Ke1 Kg7
58.Kd1 Rg2 59.Kc1 Re2 60.Kb1 Rd2 61.Kc1 Re2 62.Kd1 Rg2 63.c4 bxc4 64.Rc3 g5
65.hxg5 Kg6 66.Ke1 Kxg5 67.Kf1 Rb2 68.Rxc4 Kf5 69.Kg1 Kg5 70.Rh4 Rd2 71.Kf1 Rc2
72.Rd4 Rb2  1/2-1/2

[Event "St Pauli Open"]
[Site "Hamburg GER"]
[Date "2011.07.13"]
[Round "6.49"]
[White "Nixdorf,A"]
[Black "Seidel,Mik"]
[Result "1/2-1/2"]
[WhiteElo "1974"]
[BlackElo "1869"]

1.e4 c5 2.Nf3 e6 3.Nc3 a6 4.d4 cxd4 5.Nxd4 Qc7 6.Be3 Bb4 7.Bd2 Nf6 8.Bd3 O-O
9.O-O b5 10.Ncxb5 Qc5 11.Nb3 Qe7 12.Nc3 Bb7 13.Qe2 d6 14.a3 Bxc3 15.Bxc3 Nbd7
16.Rad1 Rfc8 17.Na5 Nc5 18.e5 Nd5 19.Bd2 Nxd3 20.Qxd3 dxe5 21.c4 Nf6 22.Bg5 Bc6
23.b4 Ba4 24.Rde1 h6 25.Bxf6 Qxf6 26.Qe4 Rd8 27.Qxe5 Qxe5 28.Rxe5 Rd3 29.Re3 Rxe3
30.fxe3 Rd8 31.Rc1 Kf8 32.Rc3 Ke7 33.Kf2 Rd2+ 34.Kf1 g5 35.h3 h5 36.Nb3 Bxb3
37.Rxb3 Rc2 38.c5 Kd7 39.Rd3+ Kc7 40.Rd6 a5 41.Ra6 axb4 42.axb4 Kb7 43.Rd6 Kc7
44.Ra6  1/2-1/2

[Event "Nana Aleksandria Cup"]
[Site "Poti GEO"]
[Date "2011.07.13"]
[Round "3"]
[White "Martsvalashvili,R"]
[Black "Hayrapetian,O"]
[Result "0-1"]
[WhiteElo "1913"]
[BlackElo "2406"]

1.e4 c5 2.Nf3 e6 3.d4 cxd4 4.Nxd4 a6 5.Nc3 Qc7 6.Be3 Bb4 7.Qd3 Nf6 8.f3 d5
9.Be2 e5 10.Nb3 d4 11.Nxd4 exd4 12.Bxd4 Nbd7 13.O-O-O Bc5 14.Rhe1 O-O 15.g3 b5
16.f4 Nb6 17.Bxf6 gxf6 18.Qf3 b4 19.Nd5 Nxd5 20.Rxd5 Be6 21.Rh5 Rac8 22.Bd3 Rfd8
23.f5 Bxa2 24.e5 b3 25.c3 Ba3 26.Qg4+ Kf8 27.c4 Rxd3 28.bxa3 Qxc4+ 29.Qxc4 Rxc4+
30.Kb2 Rd2+ 31.Ka1 Rc1+  0-1

[Event "Lev Polugaevsky Mem"]
[Site "Samara RUS"]
[Date "2011.07.13"]
[Round "9"]
[White "Blatov,I"]
[Black "Murtazin,Bulat"]
[Result "1/2-1/2"]
[WhiteElo "2343"]
[BlackElo "1964"]

1.e4 c5 2.Nf3 e6 3.d4 cxd4 4.Nxd4 a6 5.Nc3 Qc7 6.g3 Nc6 7.Bg2 Nf6 8.O-O Be7
9.Re1 d6 10.Nxc6 bxc6 11.e5 dxe5 12.Rxe5 O-O 13.Bf4 Bd6 14.Rc5 Bxf4 15.Rxc6 Qb8
16.gxf4 Qxf4 17.Qd3 Rb8 18.Rc4 Qg5 19.b3 Bb7 20.Qg3 Qxg3 21.hxg3 Bxg2 22.Kxg2 Rfc8
23.Rxc8+ Rxc8 24.Rd1 g5 25.Rd3 g4 26.Kf1 Kg7 27.Ke1 Kg6 28.Kd2 Kf5 29.b4 Rc4
30.a3 h5 31.Kc1 Kg5 32.Kb2 h4 33.Kb3 Rc6 34.gxh4+ Kxh4 35.a4 Rc7 36.b5 a5
37.Rd4 Nd7 38.Rc4 Ra7 39.Ne4 f5 40.Nd6 Kh3 41.Nc8 Rb7 42.Nd6 Ra7 43.Nc8 Rb7
44.Nd6 Ra7  1/2-1/2

[Event "SPA Open A"]
[Site "Amsterdam NED"]
[Date "2011.07.15"]
[Round "7"]
[White "De Roode,M"]
[Black "Otte,Mari"]
[Result "0-1"]
[WhiteElo "2098"]
[BlackElo "2244"]

1.e4 c5 2.Nf3 e6 3.d4 cxd4 4.Nxd4 a6 5.Nc3 d6 6.Be3 b5 7.Qd2 Bb7 8.f3 Nd7
9.O-O-O Ngf6 10.Kb1 Nb6 11.Qf2 Nfd7 12.Bd3 Rc8 13.g4 Nc5 14.Ndxb5 axb5 15.Bxb5+ Nbd7
16.b4 Na6 17.Bb6 Qf6 18.Bd4 e5 19.Nd5 Bxd5 20.exd5 Nc7 21.Bxd7+ Kxd7 22.Bb2 Be7
23.Qb6 Qf4 24.Qc6+ Kd8 25.b5 Na8 26.Qa6 Qc4 27.Ka1 Nc7 28.Qc6 Qxb5 29.Qc3 Bf6
30.Qd2 Ra8 31.g5 Qc4 32.a3 Be7 33.Rhe1 Nb5 34.Re4 Qc5 35.a4 Nd4  0-1

[Event "SPA Open A"]
[Site "Amsterdam NED"]
[Date "2011.07.15"]
[Round "7"]
[White "Mellema,A"]
[Black "Schneider,Ve"]
[Result "1-0"]
[WhiteElo "2131"]
[BlackElo "2331"]

1.e4 c5 2.Nf3 e6 3.d4 cxd4 4.Nxd4 a6 5.Nc3 b5 6.Bd3 d6 7.O-O Nf6 8.a3 Bb7
9.f4 Be7 10.Nf3 Nbd7 11.Qe2 Rc8 12.e5 Ng4 13.exd6 Qb6+ 14.Kh1 Qxd6 15.Ng5 h5
16.Nce4 Qb6 17.Bd2 Ndf6 18.Bc3 Nxe4 19.Nxe4 Bh4 20.Rad1 Rxc3 21.bxc3 Kf8
22.c4 bxc4 23.Bxc4 Qa7 24.Rd7 Nf6 25.Nxf6 Bxf6 26.Bxe6 Kg8 27.Bxf7+  1-0

[Event "Open ch-SVK A"]
[Site "Banska Stiavnica SVK"]
[Date "2011.07.15"]
[Round "7"]
[White "Butkiewicz,L"]
[Black "Vyskocil,N"]
[Result "0-1"]
[WhiteElo "2435"]
[BlackElo "2297"]

1.e4 c5 2.Nf3 e6 3.d4 cxd4 4.Nxd4 a6 5.Nc3 Qc7 6.Be2 Nf6 7.O-O Nc6 8.Be3 Be7
9.f4 d6 10.Qe1 O-O 11.Qg3 Bd7 12.Rad1 Kh8 13.Nf3 Nb4 14.Bd3 Nxd3 15.cxd3 Bc6
16.Bd4 Rad8 17.Kh1 b5 18.Rc1 Qb7 19.Ne2 Kg8 20.Rf2 Rc8 21.Rcf1 Be8 22.e5 dxe5
23.fxe5 Nd5 24.Ng5 Bxg5 25.Qxg5 Rc2 26.Ng3 Rxf2 27.Rxf2 h6 28.Qg4 Qc7 29.h4 Ne7
30.Be3 Qxe5 31.Bf4 f5 32.Qf3 Qd5 33.Qe3 Ng6 34.d4 Kh7 35.Ne2 Bc6 36.Qg3 Qd8
37.Bd6 Rf7 38.h5 Qh4+ 39.Qxh4 Nxh4 40.Nf4 g5 41.hxg6+ Nxg6 42.Nxg6 Kxg6 43.Rc2 Bd5
44.b3 f4 45.Kh2 f3 46.gxf3 Rxf3 47.Kg1 Rh3 48.Be5 Rh1+ 49.Kf2 Kf5 50.Re2 h5
51.Ke3 Rh3+ 52.Kd2 h4 53.Rf2+ Kg4 54.Rf4+ Kg5 55.Rf8 Rh1 56.Kc3 a5 57.Kb2 h3
58.Rh8 Be4 59.a3 Kg4 60.Kc3 Kf3 61.Kd2 Bf5 62.Kc3 Rc1+ 63.Kb2 Rc2+ 64.Ka1 Ke3
65.Rh5 Kd3 66.d5 Ke4 67.Bb8 Kxd5  0-1

[Event "III Corporation Cup A"]
[Site "Izhevsk RUS"]
[Date "2011.07.15"]
[Round "1"]
[White "Balaian,Ali"]
[Black "Tunik,G"]
[Result "0-1"]
[WhiteElo "2163"]
[BlackElo "2440"]

1.e4 c5 2.Nf3 e6 3.d4 cxd4 4.Nxd4 a6 5.Nc3 Qc7 6.Be2 b5 7.O-O Bb7 8.Re1 Nc6
9.Be3 Nf6 10.a3 Bd6 11.Ndxb5 axb5 12.Nxb5 Bxh2+ 13.Kh1 Qb8 14.f4 Bxf4 15.Bxf4 Qxf4
16.Nd6+ Ke7 17.Nxb7 Nxe4 18.Qc1 Ng3+ 19.Kg1 Qd4+ 20.Kh2 Qh4+ 21.Kg1 Rab8
22.Nc5 Nxe2+ 23.Rxe2 Qd4+ 24.Qe3 Rxb2  0-1

[Event "Oberwart Open"]
[Site "Oberwart AUT"]
[Date "2011.07.15"]
[Round "7"]
[White "Kammerer,G"]
[Black "Milanovic,Da"]
[Result "0-1"]
[WhiteElo "2041"]
[BlackElo "2515"]

1.e4 c5 2.Nf3 e6 3.d4 cxd4 4.Nxd4 a6 5.Nc3 b5 6.Bd3 Qb6 7.Nb3 Qc7 8.f4 Bb7
9.a3 d6 10.O-O Nd7 11.Be3 Ngf6 12.g4 h5 13.g5 Ng4 14.Qf3 Nxe3 15.Qxe3 Be7
16.g6 fxg6 17.e5 O-O-O 18.exd6 Bxd6 19.Ne4 Rhf8 20.Nxd6+ Qxd6 21.Be4 Bxe4
22.Qxe4 Qb6+ 23.Kh1 Qb7 24.Qxb7+ Kxb7 25.Rad1 Kc7 26.Kg2 Rf6 27.Rfe1 Nf8
28.Rxd8 Kxd8 29.Nc5 Rxf4 30.Nxa6 Ke7 31.Nb4 Rg4+ 32.Kf3 Nh7 33.Nd5+ Kd6 34.Nc3 Ng5+
35.Kf2 Kc6 36.Re2 h4 37.Re5 Rf4+ 38.Ke2 Rf5 39.Re3 e5 40.Ne4 Ne6 41.b3 g5
42.Rc3+ Kd5 43.Re3 g4 44.a4 b4 45.c4+ Kc6 46.Nf2 Nd4+ 47.Kf1 Rf3 48.Rxf3 gxf3
49.Nd3 e4 50.Nxb4+ Kc5 51.Na6+ Kb6 52.Nb4 Nxb3 53.Nd5+ Kc5 54.Kf2 Kxc4 55.Nf4 g5
56.Ng6 Kd4 57.Ne7 g4 58.Nf5+ Kd3 59.Nxh4 e3+ 60.Ke1 f2+  0-1

[Event "2nd Vaujany Open A"]
[Site "Vaujany FRA"]
[Date "2011.07.15"]
[Round "2.1"]
[White "Istratescu,A"]
[Black "Di Nicolantonio,L"]
[Result "1-0"]
[WhiteElo "2645"]
[BlackElo "2325"]

1.e4 c5 2.Nf3 e6 3.d4 cxd4 4.Nxd4 a6 5.Nc3 b5 6.Bd3 Qb6 7.Nf3 d6 8.a4 bxa4
9.Nxa4 Qc7 10.Nd2 Nf6 11.Nc4 Nbd7 12.O-O Be7 13.Re1 O-O 14.Bd2 Rb8 15.Ba5 Qc6
16.Bc3 Bb7 17.Na5  1-0

[Event "34th Taminco Open"]
[Site "Ghent BEL"]
[Date "2011.07.16"]
[Round "1.3"]
[White "Jorritsma,S"]
[Black "Shchekachev,A"]
[Result "0-1"]
[WhiteElo "1864"]
[BlackElo "2537"]

1.e4 c5 2.Nf3 e6 3.d4 cxd4 4.Nxd4 a6 5.Nc3 Qc7 6.Be3 Nf6 7.Bd3 b5 8.O-O Bb7
9.a3 d6 10.f4 Nbd7 11.Qf3 g6 12.Rae1 Bg7 13.Qg3 Nc5 14.Bxb5+ axb5 15.Ndxb5 Qc6
16.e5 Nfe4 17.Nxd6+ Nxd6 18.exd6 Bxc3 19.bxc3 Ne4 20.Qh3 O-O 21.Bd4 Ra5 22.Be5 Nxd6
23.Rf3 Rxe5 24.fxe5 Qc5+ 25.Kh1 Bxf3 26.exd6 Bd5  0-1

[Event "TCh-Euro Open Girls"]
[Site "Iasi ROU"]
[Date "2011.07.16"]
[Round "2.1"]
[White "Gelip,I"]
[Black "Kolaric,S"]
[Result "0-1"]
[WhiteElo "1989"]
[BlackElo "2045"]

1.e4 c5 2.Nc3 e6 3.Nf3 a6 4.d4 cxd4 5.Nxd4 b5 6.Bd3 Qb6 7.Nb3 Qc7 8.a4 b4
9.Na2 Nf6 10.Bd2 Nc6 11.O-O Rb8 12.Qe2 Be7 13.f4 d6 14.Kh1 h5 15.Qe1 Qb6
16.a5 Qb7 17.Qg3 Kf8 18.Rae1 Qc7 19.e5 Nd7 20.exd6 Bxd6 21.Ra1 Nf6 22.Nac1 Nd5
23.Ne2 Qe7 24.Ned4 Nxd4 25.Nxd4 Bb7 26.Qg5 Qf6 27.Qxf6 Nxf6 28.Nf3 h4 29.h3 Nh5
30.Be1 Nxf4 31.Nxh4 Rxh4 32.Bxh4 Bxg2+ 33.Kg1 Bb7 34.Bg3 Nxh3+ 35.Kh2 Bxg3+
36.Kxg3 Ng5 37.Rf4 Bc8 38.b3 e5 39.Rh4 Ke7 40.Re1 f6 41.Rh8 Ra8 42.Rd1 Bb7
43.Rxa8 Bxa8 44.Bxa6 Ne4+ 45.Kh2 f5 46.Bc4 Nf6 47.Rg1 Ng4+ 48.Kh3 Nf2+ 49.Kg3 Ne4+
50.Kh4 g5+ 51.Kh5 g4 52.Bd3 Kf6 53.a6 Nc5 54.a7 Ne6 55.Bxf5 Kxf5 56.Rxg4 e4
57.Rg8 Bd5 58.Kh4 Nc7 59.Rg5+ Ke6 60.Kg3 Kd6 61.Kf4 Ne6+  0-1

[Event "III Corporation Cup A"]
[Site "Izhevsk RUS"]
[Date "2011.07.16"]
[Round "2"]
[White "Kovalenko,I"]
[Black "Vasilevich,I"]
[Result "0-1"]
[WhiteElo "2567"]
[BlackElo "2367"]

1.e4 c5 2.Nf3 e6 3.d4 cxd4 4.Nxd4 a6 5.Nc3 b5 6.Bd3 d6 7.O-O Nf6 8.a4 b4
9.Na2 Qb6 10.a5 Qb7 11.Re1 Be7 12.Qd2 e5 13.Nb3 Nc6 14.Bc4 Rb8 15.Qd3 O-O
16.Bg5 Ne8 17.Bd2 Nf6 18.Bg5 Ne8 19.Be3 Bd8 20.Nac1 Kh8 21.Ne2 f5 22.exf5 Bxf5
23.Qd2 Ne7 24.Ng3 Bg6 25.Qe2 Nc7 26.Bb6 Ned5 27.Bxc7 Nf4 28.Qf1 Qxc7 29.Rec1 Bg5
30.Bxa6 Nd5 31.Bd3 Be3 32.Kh1 Rxf2 33.Qe1 Rbf8 34.Bxg6 Bxc1 35.Rxc1 hxg6
36.Nd2 R2f4 37.Nde4 Nf6 38.Ng5 Nh5 39.Ne6 Nxg3+ 40.hxg3 Rf1+ 41.Qxf1 Rxf1+
42.Rxf1 Qxa5 43.Rf8+ Kh7 44.Ng5+ Kh6 45.Nf7+ Kh5 46.Nxd6 Qd5 47.Nf7 Kg4 48.Kh2 e4
49.Rh8 Qxf7 50.Rh4+ Kg5 51.Rxe4 Qb7 52.Rf4 Qb6 53.Rc4 Kf5 54.b3 Qb5 55.Kg1 Ke5
56.Kf2 Qb6+ 57.Kf3 Qg1 58.g4 Qf1+ 59.Kg3 g5 60.Rc8 Qe1+ 61.Kf3 Qf1+ 62.Kg3 Ke4
63.Rc6 Ke3 64.Re6+ Kd2 65.Rc6 Qf4+ 66.Kh3 Qe3+  0-1

[Event "Nana Aleksandria Cup"]
[Site "Poti GEO"]
[Date "2011.07.16"]
[Round "6"]
[White "Shamatava,A"]
[Black "Gharagyozian,A"]
[Result "0-1"]
[WhiteElo "1974"]
[BlackElo "2233"]

1.e4 c5 2.Nf3 e6 3.d4 cxd4 4.Nxd4 a6 5.Nc3 Qc7 6.Be2 Nf6 7.O-O Bb4 8.Qd3 Nc6
9.Nxc6 bxc6 10.f4 d5 11.e5 Nd7 12.Qg3 g6 13.a3 Be7 14.b3 Bb7 15.Bb2 c5 16.Bd3 c4
17.Be2 d4 18.Nd1 c3 19.Bc1 Nc5 20.Nf2 O-O-O 21.a4 h5 22.b4 Nd7 23.Nd3 h4
24.Qh3 Nb6 25.Bf3 Nd5 26.Rb1 Qc4 27.Rb3 Rd7 28.b5 a5 29.Be4 Qxa4 30.Nf2 Qc4
31.Bd3 Qc7 32.Ne4 Nb4 33.Rb1 Qb6 34.Kh1 Nxd3 35.Qxd3 h3 36.g3 Kb8 37.Re1 Bd5
38.Ra1 Rc8 39.Ba3 Bxa3 40.Rxa3 Rc4 41.Kg1 Bxe4 42.Rxe4 Rb4 43.Kf2 Rxb5 44.g4 Rb1
45.Re1 Rb2 46.Kg3 Qb7 47.Qe4  0-1

[Event "3rd International Open"]
[Site "Rethymno GRE"]
[Date "2011.07.16"]
[Round "7"]
[White "Guempel,V"]
[Black "David,Alb"]
[Result "0-1"]
[WhiteElo "2267"]
[BlackElo "2609"]

1.e4 c5 2.Nf3 e6 3.d4 cxd4 4.Nxd4 a6 5.Nc3 Qc7 6.Bd3 Nf6 7.Qe2 d6 8.O-O Nbd7
9.Kh1 b6 10.f4 Bb7 11.Bd2 Be7 12.Rae1 Nc5 13.Qf2 h5 14.b4 Nxd3 15.cxd3 g6
16.Rc1 Qd7 17.Nb3 Ng4 18.Qg1 d5 19.Qd4 e5 20.fxe5 dxe4 21.e6 Qxd4 22.exf7+ Kd7
23.Nxd4 e3 24.Be1 Rac8 25.Nde2 Rhf8 26.Rf4 Bd6 27.Rd4 Nf2+ 28.Kg1 Rxf7 29.Ne4 Nxe4
30.dxe4 Rxc1 31.Nxc1 Ke6 32.Ne2 Rd7 33.Kf1 a5 34.a3 Rf7+ 35.Kg1 Ba6 36.Rxd6+ Kxd6
37.Bg3+ Kd7  0-1

[Event "15th Battle of Senta Open"]
[Site "Senta SRB"]
[Date "2011.07.16"]
[Round "1.5"]
[White "Domany,Z"]
[Black "Balla,Ta"]
[Result "1-0"]
[WhiteElo "2199"]
[BlackElo "2406"]

1.e4 c5 2.Nf3 e6 3.d4 cxd4 4.Nxd4 a6 5.Nc3 Qc7 6.g3 b5 7.Bg2 Bb7 8.O-O Nf6
9.Re1 d6 10.Bg5 Nbd7 11.a4 bxa4 12.Nd5 Qc8 13.Bxf6 gxf6 14.Bh3 h5 15.Ra3 Nc5
16.Nxf6+ Kd8 17.Rc3 Be7 18.Nd5 Qb8 19.Nb6 Nxe4 20.Rce3 Ng5 21.Bxe6 fxe6 22.Nxe6+ Nxe6
23.Rxe6 Re8 24.Qd4 Bc6 25.Nxa8 Qxa8 26.Qb6+ Kd7 27.Qe3 Bg5 28.Qxg5  1-0

[Event "SPA Open A"]
[Site "Amsterdam NED"]
[Date "2011.07.17"]
[Round "9"]
[White "Goes,S"]
[Black "Van Assendelft,F"]
[Result "0-1"]
[WhiteElo "2104"]
[BlackElo "2393"]

1.e4 c5 2.Nf3 e6 3.d4 cxd4 4.Nxd4 a6 5.Nc3 d6 6.Bc4 Nf6 7.O-O b5 8.Bb3 Be7
9.Qf3 Qc7 10.Qg3 O-O 11.Bh6 Ne8 12.Rad1 Bd7 13.Nce2 Nc6 14.c3 Kh8 15.Bg5 Bxg5
16.Qxg5 Nf6 17.Ng3 Na5 18.Bc2 Nc4 19.b3 Ne5 20.Nde2 b4 21.c4 d5 22.exd5 exd5
23.Rd4 h6 24.Rh4 Nh7 25.Qc1 dxc4 26.Nh5 Qb6 27.bxc4 Rac8 28.Qf4 Ng6 29.Qg3 Rc5
30.Rd4 Rxh5 31.Bxg6 fxg6 32.Rxd7 Qe6 33.Rd2 Rg5 34.Qd3 Rc8 35.Nf4 Qg4 36.Qe3 Nf6
37.h3 Qf5 38.Ne6 Re8 39.Rd8 Rxd8 40.Nxd8 Qd7 41.Ne6 Ra5 42.Qb6 Rxa2 43.Nf8 Qe8
44.Rd1 Qxf8 45.Rd8 Ne8 46.Qe3 Kh7 47.Rxe8 Qd6 48.g3 Ra1+ 49.Kg2 Qd1  0-1

[Event "SPA Open A"]
[Site "Amsterdam NED"]
[Date "2011.07.17"]
[Round "9"]
[White "Burton,G"]
[Black "Volkers,A"]
[Result "1/2-1/2"]
[WhiteElo "2051"]
[BlackElo "2046"]

1.e4 c5 2.Nf3 e6 3.d4 cxd4 4.Nxd4 a6 5.Nc3 Qc7 6.Bd3 Nc6 7.Nb3 Nf6 8.Be3 b5
9.O-O Be7 10.f4 d6 11.Qf3 Bb7 12.Qh3 Nd8 13.a3 e5 14.f5 d5 15.Nxd5 Nxd5 16.exd5 Bxd5
17.Rad1 Bc6 18.Qg4 Bf6 19.Nc5 Nb7 20.Ne4 Nd6 21.Nxd6+ Qxd6 22.Bxb5 Qc7 23.Bd3 O-O
24.b4 Qb7 25.Bc4 Kh8 26.Bc5 Rfe8 27.Rf2 e4 28.Qh5 Kg8 29.Rd6 Red8 30.Qxf7+ Qxf7
31.Bxf7+ Kxf7 32.Rxc6 Rd1+ 33.Rf1 Rd5 34.Re6 Rd2 35.Rxe4 Rxc2 36.Rd1 a5 37.Rd7+ Kg8
38.Re1 axb4 39.axb4 h6 40.Ra7 Rd8 41.h3 Bh4 42.Rea1 Rdd2 43.Ra8+ Kh7 44.g4 Bf2+  1/2-1/2

[Event "34th Taminco Open"]
[Site "Ghent BEL"]
[Date "2011.07.17"]
[Round "3.8"]
[White "Rademakers,M"]
[Black "Cordts,I"]
[Result "0-1"]
[WhiteElo "2054"]
[BlackElo "2306"]

1.e4 c5 2.Nf3 e6 3.d4 cxd4 4.Nxd4 a6 5.Nc3 Qc7 6.f4 d6 7.Be3 b5 8.a3 Bb7
9.Bd3 Nd7 10.O-O Ngf6 11.Qf3 g6 12.Rae1 Bg7 13.Qg3 Nc5 14.f5 e5 15.fxg6 hxg6
16.Nf5 Bf8 17.Qg5 Ncxe4 18.Bxe4 Nxe4 19.Nxe4 Bxe4 20.Qf6 Rh7 21.Ng3 Bb7 22.Bd4 Be7
23.Qf2 Rc8 24.Bb6 Qxc2 25.Re2 Qc4 26.Qe3 Rc6 27.Ne4 Rxb6 28.Qxb6 Bxe4 29.Qb8+ Kd7
30.Rfe1 f5 31.b3 Qc8 32.Qa7+ Qb7 33.Qe3 Bd8 34.Qg3 f4 35.Qc3 Bb6+ 36.Kh1 Bd4
37.Qd2 Ke6 38.Rxe4 Rxh2+ 39.Kxh2 Qh7+  0-1

[Event "St Pauli Open"]
[Site "Hamburg GER"]
[Date "2011.07.17"]
[Round "9.50"]
[White "Freter,A"]
[Black "Seehagen,J"]
[Result "1/2-1/2"]
[WhiteElo "1936"]
[BlackElo "1900"]

1.e4 c5 2.Nf3 e6 3.d4 cxd4 4.Nxd4 a6 5.Nc3 Qc7 6.g3 Bb4 7.Bd2 Nf6 8.Bg2 Nc6
9.Nxc6 dxc6 10.O-O Be7 11.Qe2 O-O 12.Kh1  1/2-1/2